Airbus - Avions en images - Statistiques

Statistiques générales
  • Ce quiz a été pris 332 fois
  • Le résultat moyen est 11 sur 14
Statistiques - réponses
Par images Réponse % Correct
Airbus A380
96%
Airbus A330-743L « Beluga XL »
91%
Airbus A320
87%
Airbus A340
86%
Airbus A350
84%
Airbus A318
82%
Airbus A319
82%
Airbus A330
80%
Airbus A321
76%
Airbus A300
75%
Airbus A310
72%
Airbus A220
65%
Airbus A400M Atlas
62%
Airbus A330 MRTT
31%
Aucun quiz correspondant
Distribution des résultats
% des personnes avec chaque résultat
Percentile par nombre de réponses
Votre historique - résultats
Vous n’avez pas pris ce quiz